| 000 | 00388nam a2200181Ia 4500 | ||
|---|---|---|---|
| 003 | 0100 | ||
| 008 | 130303s9999 xx 000 0 und d | ||
| 040 | _cARRUPELIB | ||
| 050 | _aPR9372.9O9V5 1956 | ||
| 100 | _aOyono, Ferdinand | ||
| 245 | _aUne vie de boy | ||
| 260 | _aParis | ||
| 260 | _bJulliard | ||
| 260 | _C1956 | ||
| 300 | _a185p. | ||
| 300 | _b 18cm. | ||
| 942 |
_2lcc _01 |
||
| 999 |
_c59373 _d59373 |
||